[Event "LSS BI-2007-P-00001"]
[Site "LSS email"]
[Date "2007.04.23"]
[Round "?"]
[White "Boccuzzi, Sabino"]
[Black "Jurkowitz, Romana"]
[Result "1-0"]
[WhiteElo "896"]
[BlackElo "2502"]
[PlyCount "23"]
[EventDate "2007.04.23"]
[EventType "tourn (corr)"]
[EventRounds "10"]
[EventCountry "GER"]
[SourceTitle "Corr 2015"]
[Source "ChessBase"]
[SourceDate "2015.07.17"]
[SourceVersion "1"]
[SourceVersionDate "2015.07.17"]
[SourceQuality "1"]

1. d4 Nf6 2. c4 c5 3. d5 e6 4. dxe6 fxe6 5. g3 Nc6 6. Bg5 Be7 7. Nf3 0-0 8. Bg2 Qb6 9. b3 d5 10. 0-0 Rd8 11. Qc2 Bd7 12. Nc3 1-0

[Event "IECG WC.2005.F.00001 email"]
[Site "IECG email"]
[Date "2006.06.05"]
[Round "?"]
[White "Hotting, Arend"]
[Black "Jurkowitz, Romana"]
[Result "0-1"]
[WhiteElo "2476"]
[BlackElo "2595"]
[PlyCount "45"]
[EventDate "2006.06.05"]
[EventType "tourn (corr)"]
[EventRounds "14"]
[SourceTitle "Corr 2008"]
[Source "ChessBase"]
[SourceDate "2008.06.24"]
[SourceVersion "1"]
[SourceVersionDate "2008.06.24"]
[SourceQuality "1"]

1. e4 e5 2. Nf3 Nc6 3. Bb5 a6 4. Ba4 Nf6 5. 0-0 Be7 6. Re1 b5 7. Bb3 0-0 8. c3 d5 9. exd5 Nxd5 10. Nxe5 Nxe5 11. Rxe5 c6 12. d4 Bd6 13. Re1 Qh4 14. g3 Qh3 15. Be3 Bg4 16. Qd3 Rae8 17. Nd2 Re6 18. a4 Qh5 19. axb5 axb5 20. Bxd5 Qxd5 21. c4 Qh5 22. cxb5 cxb5 23. Ne4 0-1

[Event "IECG WC.2005.F.00001"]
[Site "IECG email"]
[Date "2006.06.05"]
[Round "?"]
[White "Jurkowitz, Romana"]
[Black "Canovas Pardomingo, Miguel Angel"]
[Result "0-1"]
[WhiteElo "2595"]
[BlackElo "2443"]
[PlyCount "60"]
[EventDate "2006.06.05"]
[EventType "tourn (corr)"]
[EventRounds "6"]
[SourceTitle "Telechess CBM 151"]
[Source "ChessBase"]
[SourceDate "2012.11.13"]
[SourceVersion "1"]
[SourceVersionDate "2012.11.13"]
[SourceQuality "1"]

1. Nf3 Nf6 2. c4 g6 3. Nc3 Bg7 4. e4 d6 5. d4 0-0 6. Be2 e5 7. 0-0 Nc6 8. d5 Ne7 9. Ne1 Nd7 10. Be3 f5 11. f3 f4 12. Bf2 g5 13. Rc1 Rf6 14. Nd3 Rh6 15. c5 a6 16. cxd6 cxd6 17. Qb3 Qe8 18. Rfd1 Qh5 19. h3 Ng6 20. Rc2 Nh4 21. Bxh4 gxh4 22. Rdc1 Qe8 23. Na4 Rg6 24. Rc7 Qd8 25. Bf1 Bf8 26. Nb6 Nxb6 27. Qxb6 Bxh3 28. Kh2 Bd7 29. Rxb7 Qxb6 30. Rxb6 Rg3 0-1

[Event "IECG WC.2005.F.00001"]
[Site "IECG email"]
[Date "2006.06.05"]
[Round "?"]
[White "Niessen, Thomas"]
[Black "Jurkowitz, Romana"]
[Result "1-0"]
[WhiteElo "2473"]
[BlackElo "2595"]
[PlyCount "81"]
[EventDate "2006.06.05"]
[EventType "tourn (corr)"]
[EventRounds "6"]
[SourceTitle "Telechess CBM 151"]
[Source "ChessBase"]
[SourceDate "2012.11.13"]
[SourceVersion "1"]
[SourceVersionDate "2012.11.13"]
[SourceQuality "1"]

1. e4 c5 2. Nf3 Nc6 3. d4 cxd4 4. Nxd4 Nf6 5. Nc3 e5 6. Ndb5 d6 7. Bg5 a6 8. Na3 b5 9. Bxf6 gxf6 10. Nd5 f5 11. Bd3 Be6 12. 0-0 Bg7 13. Qh5 f4 14. c4 bxc4 15. Bxc4 0-0 16. Rac1 Rb8 17. b3 Qd7 18. Rfd1 Kh8 19. Qh4 Bxd5 20. Bxd5 Nd4 21. Rc4 Rbc8 22. Rxc8 Qxc8 23. Nc4 f5 24. Kh1 Rf6 25. f3 fxe4 26. Bxe4 Rh6 27. Nb6 Qb8 28. Qe7 Qg8 29. Bd5 Nf5 30. Qb7 Qe8 31. h3 e4 32. Bxe4 Ng3+ 33. Kh2 Nxe4 34. Re1 Qg8 35. Qxe4 Be5 36. Nc4 Bc3 37. Re2 Rf6 38. Qc2 Bd4 39. Qd3 Qg3+ 40. Kh1 Bg1 41. Kxg1 1-0

[Event "IECG WC.2005.F.00001 email"]
[Site "IECG email"]
[Date "2006.06.05"]
[Round "?"]
[White "Wilczek, Tadeusz"]
[Black "Jurkowitz, Romana"]
[Result "1-0"]
[WhiteElo "2678"]
[BlackElo "2595"]
[PlyCount "85"]
[EventDate "2006.06.05"]
[EventType "tourn (corr)"]
[EventRounds "14"]
[SourceTitle "Corr 2008"]
[Source "ChessBase"]
[SourceDate "2008.06.24"]
[SourceVersion "1"]
[SourceVersionDate "2008.06.24"]
[SourceQuality "1"]

1. e4 c6 2. Nf3 d5 3. e5 Bg4 4. d4 e6 5. Nbd2 Nd7 6. h3 Bh5 7. Nb3 Ne7 8. Bd3 c5 9. Nxc5 Nxc5 10. dxc5 Nc6 11. g4 Bg6 12. Be3 Be7 13. c3 0-0 14. Bxg6 fxg6 15. Qe2 Rf7 16. 0-0 Qd7 17. Rae1 a5 18. Kg2 a4 19. b4 axb3 20. axb3 Raf8 21. Nd4 Nxe5 22. f4 Nc6 23. Bg1 Nxd4 24. cxd4 Bh4 25. Bf2 Bd8 26. Bg3 Ba5 27. Ra1 Bc3 28. Rad1 Ba5 29. Rf3 Bc7 30. Rdf1 b6 31. b4 bxc5 32. bxc5 Rf6 33. R1f2 h6 34. Rc3 Bxf4 35. c6 Qc8 36. c7 Bxg3 37. Rxf6 gxf6 38. Kxg3 Rf7 39. Qc2 Kg7 40. h4 f5 41. h5 gxh5 42. gxh5 Kf8 43. Rc6 1-0

[Event "IECG OP.2006.0.00007"]
[Site "IECG email"]
[Date "2006.04.16"]
[Round "?"]
[White "Shishkin, Victor A"]
[Black "Jurkowitz, Romana"]
[Result "1/2-1/2"]
[WhiteElo "2157"]
[BlackElo "2602"]
[PlyCount "68"]
[EventDate "2006.04.16"]
[EventType "tourn (corr)"]
[EventRounds "6"]
[SourceTitle "Corr 2008"]
[Source "ChessBase"]
[SourceDate "2008.06.24"]
[SourceVersion "1"]
[SourceVersionDate "2008.06.24"]
[SourceQuality "1"]

1. d4 Nf6 2. c4 e6 3. Nf3 d5 4. Nc3 c6 5. e3 Nbd7 6. Bd3 dxc4 7. Bxc4 b5 8. Bd3 Bb7 9. 0-0 a6 10. e4 c5 11. d5 Qc7 12. dxe6 fxe6 13. Bc2 c4 14. Ng5 Nc5 15. Qf3 h6 16. Qh3 Rg8 17. Nxe6 Qd7 18. Nxf8 Qxh3 19. gxh3 Rxf8 20. f3 Ne6 21. Be3 Nh5 22. Rad1 Ng5 23. Rd6 Rd8 24. Rb6 Bc8 25. e5 Nf4 26. h4 Ngh3+ 27. Kh1 Nd3 28. Ne4 Nb4 29. Nf6+ Rxf6 30. exf6 Nxc2 31. fxg7 Kf7 32. Bxh6 Nd4 33. Re1 Nc2 34. Rf1 Nd4 1/2-1/2

[Event "IECG WC.2006.T.00003 email"]
[Site "IECG email"]
[Date "2006.02.07"]
[Round "?"]
[White "Claridge, John Bleddyn"]
[Black "Jurkowitz, Romana"]
[Result "1-0"]
[WhiteElo "2371"]
[BlackElo "2560"]
[PlyCount "50"]
[EventDate "2006.02.07"]
[EventType "tourn (corr)"]
[EventRounds "6"]
[SourceTitle "Corr 2008"]
[Source "ChessBase"]
[SourceDate "2008.06.24"]
[SourceVersion "1"]
[SourceVersionDate "2008.06.24"]
[SourceQuality "1"]

1. e4 c6 2. d4 d5 3. e5 Bf5 4. Nc3 e6 5. g4 Bg6 6. Nge2 c5 7. h4 h5 8. Nf4 Bh7 9. Nxh5 cxd4 10. Nb5 Nc6 11. Nxd4 Nge7 12. c3 a6 13. Bg2 Nxd4 14. Qxd4 Nc6 15. Qe3 Qc7 16. 0-0 Bg6 17. Nf4 Nxe5 18. Nxg6 Nxg6 19. h5 Bc5 20. Qf3 0-0-0 21. Re1 Nh4 22. Qh3 Nxg2 23. Kxg2 Kb8 24. Qf3 Bd6 25. Bg5 f6 1-0

[Event "IECG WC.2006.T.00003 email"]
[Site "IECG email"]
[Date "2006.02.07"]
[Round "?"]
[White "Pappier, Carlos Guillermo"]
[Black "Jurkowitz, Romana"]
[Result "1-0"]
[WhiteElo "2434"]
[BlackElo "2560"]
[PlyCount "80"]
[EventDate "2006.02.07"]
[EventType "tourn (corr)"]
[EventRounds "6"]
[SourceTitle "Corr 2008"]
[Source "ChessBase"]
[SourceDate "2008.06.24"]
[SourceVersion "1"]
[SourceVersionDate "2008.06.24"]
[SourceQuality "1"]

1. d4 Nf6 2. c4 g6 3. Nc3 Bg7 4. e4 d6 5. Nf3 0-0 6. Be2 e5 7. Be3 Ng4 8. Bg5 f6 9. Bc1 Nc6 10. d5 Ne7 11. h3 Nh6 12. h4 Nf7 13. h5 g5 14. Qc2 c5 15. Bd2 Bd7 16. Nh2 Qc8 17. Nf1 a6 18. Ne3 Rb8 19. g4 Qc7 20. 0-0 b6 21. Rfb1 Rb7 22. b4 Rfb8 23. a3 Nh6 24. Kg2 Qc8 25. Kg3 Kh8 26. Qd1 Ra7 27. Rb2 Qc7 28. Rab1 Nf7 29. Bd3 Raa8 30. Bc2 Ng8 31. Ba4 b5 32. Bc2 bxc4 33. Ba4 cxb4 34. Rxb4 Rxb4 35. Rxb4 Ne7 36. Bxd7 Qxd7 37. Nxc4 Qc7 38. Qa4 Bf8 39. Nb6 Ra7 40. Qe8 Kg7 1-0

[Event "CFriend AC-2005-Q-00004 email"]
[Site "Chessfriend.com"]
[Date "2005.07.22"]
[Round "1"]
[White "Jurkowitz, Romana"]
[Black "Lorentzen, Oystein"]
[Result "1/2-1/2"]
[WhiteElo "2560"]
[BlackElo "2383"]
[PlyCount "79"]
[EventDate "2005.??.??"]
[EventType "tourn (corr)"]
[EventRounds "6"]
[SourceTitle "Corr 2024"]
[Source "ChessBase"]
[SourceDate "2023.10.19"]
[SourceVersion "1"]
[SourceVersionDate "2023.10.19"]
[SourceQuality "1"]

1. e4 c5 2. Nf3 d6 3. d4 cxd4 4. Nxd4 Nf6 5. Nc3 a6 6. Be3 e5 7. Nb3 Be6 8. f3 Be7 9. Qd2 0-0 10. 0-0-0 b5 11. g4 Nbd7 12. g5 b4 13. Ne2 Ne8 14. f4 a5 15. f5 a4 16. Nbd4 exd4 17. Nxd4 b3 18. Kb1 bxc2+ 19. Nxc2 Bb3 20. axb3 axb3 21. Na3 Ne5 22. h4 Ra4 23. Bd4 Qa8 24. Qe3 Kh8 25. Bb5 Ra5 26. Bc3 Rxa3 27. bxa3 Qxa3 28. Rd2 Nc7 29. Qb6 b2 30. Bxb2 Qb4 31. Rd4 Qxb5 32. Qxc7 Rb8 33. Qc3 Kg8 34. Rh2 Qf1+ 35. Qc1 Qxc1+ 36. Kxc1 Nf3 37. Rhd2 h6 38. f6 Nxd4 39. Bxd4 Bf8 40. Kc2 1/2-1/2

[Event "CFriend AC-2005-Q-00004 email"]
[Site "Chessfriend.com"]
[Date "2005.07.22"]
[Round "1"]
[White "Jurkowitz, Romana"]
[Black "Tritt, Maciej"]
[Result "1-0"]
[WhiteElo "2560"]
[BlackElo "2185"]
[PlyCount "71"]
[EventDate "2005.??.??"]
[EventType "tourn (corr)"]
[EventRounds "6"]
[SourceTitle "Corr 2008"]
[Source "ChessBase"]
[SourceDate "2008.06.24"]
[SourceVersion "1"]
[SourceVersionDate "2008.06.24"]
[SourceQuality "1"]

1. e4 c5 2. Nf3 d6 3. d4 cxd4 4. Nxd4 Nf6 5. Nc3 a6 6. Be3 e5 7. Nb3 Be6 8. f3 Be7 9. Qd2 0-0 10. 0-0-0 Qc7 11. g4 Rc8 12. Kb1 d5 13. g5 d4 14. gxf6 dxe3 15. Qxe3 Bxf6 16. Bd3 Nd7 17. Nd5 Qd8 18. h4 b5 19. Rdg1 Kh8 20. Rg2 Rab8 21. Rhg1 Bxd5 22. exd5 Nb6 23. Qe4 g6 24. h5 Qxd5 25. hxg6 Qxe4 26. Bxe4 fxg6 27. Bxg6 Rc7 28. Be4 Nc4 29. Rh2 Nd6 30. Nc5 Nxe4 31. Nxa6 Ng5 32. Rxg5 Bxg5 33. Nxc7 Rb6 34. b4 Kg7 35. Kb2 Kg6 36. Kb3 1-0

[Event "CFriend WC-2008-S-00006"]
[Site "Chessfriend.com"]
[Date "2005.07.17"]
[Round "1"]
[White "Jurkowitz, Romana"]
[Black "Gildred, Terrence L Nick"]
[Result "1/2-1/2"]
[WhiteElo "2560"]
[BlackElo "2336"]
[PlyCount "86"]
[EventDate "2005.??.??"]
[EventType "tourn (corr)"]
[EventRounds "6"]
[SourceTitle "Corr 2008"]
[Source "ChessBase"]
[SourceDate "2008.06.24"]
[SourceVersion "1"]
[SourceVersionDate "2008.06.24"]
[SourceQuality "1"]

1. e4 c5 2. Nf3 d6 3. d4 cxd4 4. Nxd4 Nf6 5. Nc3 a6 6. Be3 e6 7. Be2 Qc7 8. a4 b6 9. f4 Bb7 10. Bf3 Nbd7 11. Qe2 Be7 12. 0-0 0-0 13. g4 d5 14. e5 Ne4 15. Nxe4 dxe4 16. Bg2 Rac8 17. g5 Rfd8 18. Bf2 Nc5 19. h4 Qd7 20. b3 Qe8 21. h5 Rc7 22. Rad1 Rcd7 23. Be3 Rd5 24. Qg4 R5d7 25. f5 exf5 26. Nxf5 Bf8 27. Nd6 Bxd6 28. exd6 Rxd6 29. Rxd6 Rxd6 30. a5 Nd7 31. Qf4 Ne5 32. axb6 h6 33. gxh6 Rxh6 34. Qh4 Rd6 35. Bc5 Re6 36. Rd1 f6 37. h6 Nf3+ 38. Bxf3 exf3 39. Qg3 g5 40. Bf2 Qc8 41. Qc7 Qxc7 42. bxc7 Kh7 43. c4 Re7 1/2-1/2

[Event "CFriend WC-2008-S-00006"]
[Site "Chessfriend.com"]
[Date "2005.07.17"]
[Round "1"]
[White "Jurkowitz, Romana"]
[Black "Horvath, Daniel"]
[Result "1-0"]
[WhiteElo "2560"]
[BlackElo "2242"]
[PlyCount "51"]
[EventDate "2005.??.??"]
[EventType "tourn (corr)"]
[EventRounds "6"]
[SourceTitle "Corr 2008"]
[Source "ChessBase"]
[SourceDate "2008.06.24"]
[SourceVersion "1"]
[SourceVersionDate "2008.06.24"]
[SourceQuality "1"]

1. e4 c5 2. Nf3 d6 3. d4 cxd4 4. Nxd4 Nf6 5. Nc3 a6 6. Be3 e6 7. Be2 Nbd7 8. f4 Qc7 9. 0-0 b5 10. a3 Bb7 11. Bd3 Be7 12. Qf3 0-0 13. Nd1 Rac8 14. Nf2 Nc5 15. b4 Na4 16. Qh3 Nc3 17. e5 Nfe4 18. Nf3 h6 19. Ng4 Rfd8 20. Rae1 Bf8 21. Nd2 a5 22. bxa5 Nc5 23. f5 Nxd3 24. cxd3 exf5 25. Rxf5 Nd5 26. Nxh6+ 1-0

[Event "CFriend WC-2008-S-00006"]
[Site "Chessfriend.com"]
[Date "2005.07.17"]
[Round "1"]
[White "Jurkowitz, Romana"]
[Black "Lacasa Diaz, Jose Antonio"]
[Result "1-0"]
[WhiteElo "2560"]
[BlackElo "2176"]
[PlyCount "37"]
[EventDate "2005.??.??"]
[EventType "tourn (corr)"]
[EventRounds "6"]
[SourceTitle "Corr 2008"]
[Source "ChessBase"]
[SourceDate "2008.06.24"]
[SourceVersion "1"]
[SourceVersionDate "2008.06.24"]
[SourceQuality "1"]

1. d4 Nf6 2. c4 e6 3. Nf3 d5 4. Nc3 Be7 5. Bg5 h6 6. Bh4 0-0 7. e3 b6 8. Be2 Bb7 9. Bxf6 Bxf6 10. cxd5 exd5 11. 0-0 Qe7 12. Qb3 Rd8 13. Rad1 c5 14. dxc5 Bxc3 15. Qxc3 bxc5 16. Rd2 Nd7 17. Rc2 Rdc8 18. Qa5 Nf6 19. Rfc1 1-0

[Event "CFriend WC-2008-S-00006"]
[Site "Chessfriend.com"]
[Date "2005.07.17"]
[Round "1"]
[White "Sekret, Roman"]
[Black "Jurkowitz, Romana"]
[Result "1/2-1/2"]
[WhiteElo "2324"]
[BlackElo "2560"]
[PlyCount "103"]
[EventDate "2005.??.??"]
[EventType "tourn (corr)"]
[EventRounds "6"]
[SourceTitle "Corr 2008"]
[Source "ChessBase"]
[SourceDate "2008.06.24"]
[SourceVersion "1"]
[SourceVersionDate "2008.06.24"]
[SourceQuality "1"]

1. d4 d5 2. c4 c6 3. Nf3 Nf6 4. e3 e6 5. Nc3 Nbd7 6. Bd3 dxc4 7. Bxc4 b5 8. Bd3 Bb7 9. 0-0 a6 10. e4 c5 11. d5 Qc7 12. dxe6 fxe6 13. Bc2 Bd6 14. Ng5 Nf8 15. f4 h6 16. e5 0-0-0 17. Nf7 Qxf7 18. exd6 Qd7 19. Be3 Qc6 20. Qe2 Rxd6 21. Rac1 Kb8 22. a4 b4 23. Nb1 a5 24. Nd2 Ba6 25. Nc4 Bxc4 26. Qxc4 N8d7 27. Rfd1 Qa6 28. Qxa6 Rxa6 29. Bd3 Rd6 30. Bxc5 Nxc5 31. Rxc5 Rhd8 32. Rb5+ Kc7 33. Rc5+ Rc6 34. Rxc6+ Kxc6 35. Bb5+ Kc7 36. Rc1+ Kd6 37. Kf2 Nd5 38. Rc6+ Ke7 39. g3 g5 40. Ra6 gxf4 41. Rxa5 fxg3+ 42. hxg3 Rc8 43. Bd3 Kf6 44. Rb5 Ke5 45. a5 Kd4 46. Be2 Rc2 47. a6 Rxb2 48. Ra5 Nc7 49. a7 Na8 50. Rb5 Ra2 51. Rxb4+ Kc5 52. Rb5+ 1/2-1/2

[Event "CFriend AM-2005-0-00018 email"]
[Site "Chessfriend.com"]
[Date "2005.07.11"]
[Round "1"]
[White "Jurkowitz, Romana"]
[Black "Edighoffer, Harold"]
[Result "1/2-1/2"]
[WhiteElo "2560"]
[BlackElo "2467"]
[PlyCount "69"]
[EventDate "2005.??.??"]
[EventType "tourn (corr)"]
[EventRounds "6"]
[SourceTitle "Corr 2024"]
[Source "ChessBase"]
[SourceDate "2023.10.19"]
[SourceVersion "1"]
[SourceVersionDate "2023.10.19"]
[SourceQuality "1"]

1. d4 Nf6 2. c4 e5 3. dxe5 Ng4 4. Bf4 g5 5. Bd2 Nxe5 6. Nf3 Nbc6 7. Nxe5 Nxe5 8. Bc3 Bg7 9. e3 0-0 10. Be2 Re8 11. 0-0 Qe7 12. Nd2 d6 13. Rc1 Bf5 14. Nf3 Rad8 15. Nxe5 Bxe5 16. Bd3 Qf6 17. Bxf5 Qxf5 18. Qd5 c6 19. Qa5 a6 20. Rfd1 Rd7 21. Rd2 Qe6 22. Bxe5 Qxe5 23. Qxe5 Rxe5 24. Rcd1 d5 25. Kf1 Kf8 26. cxd5 Rdxd5 27. Rxd5 Rxd5 28. Rxd5 cxd5 29. Ke2 Ke7 30. Kd3 a5 31. Kd4 Kd6 32. g4 a4 33. Kc3 Ke6 34. Kd4 Kd6 35. Kc3 1/2-1/2

[Event "CFriend AM-2005-0-00018 email"]
[Site "Chessfriend.com"]
[Date "2005.07.11"]
[Round "1"]
[White "Jurkowitz, Romana"]
[Black "Gildred, Terrence L Nick"]
[Result "1-0"]
[WhiteElo "2560"]
[BlackElo "2336"]
[PlyCount "49"]
[EventDate "2005.??.??"]
[EventType "tourn (corr)"]
[EventRounds "6"]
[SourceTitle "Corr 2008"]
[Source "ChessBase"]
[SourceDate "2008.06.24"]
[SourceVersion "1"]
[SourceVersionDate "2008.06.24"]
[SourceQuality "1"]

1. Nf3 Nf6 2. c4 b6 3. g3 c5 4. Bg2 Bb7 5. 0-0 e6 6. Nc3 Be7 7. d4 cxd4 8. Qxd4 d6 9. Rd1 a6 10. b3 Nbd7 11. Bb2 0-0 12. Rac1 Qc7 13. h3 Rfe8 14. Qe3 Rac8 15. Rd2 Qb8 16. Nd4 Nc5 17. Rdc2 Qa8 18. Nf3 Nfe4 19. b4 Nd7 20. Nxe4 Bxe4 21. Ne1 Qc6 22. Bxe4 Qc7 23. Nf3 Rcd8 24. Ng5 h6 25. Bh7+ 1-0

[Event "CFriend AM-2005-0-00018 email"]
[Site "Chessfriend.com"]
[Date "2005.07.11"]
[Round "1"]
[White "Jurkowitz, Romana"]
[Black "Pasierb, Siegmund"]
[Result "1/2-1/2"]
[WhiteElo "2560"]
[BlackElo "2302"]
[PlyCount "55"]
[EventDate "2005.??.??"]
[EventType "tourn (corr)"]
[EventRounds "6"]
[SourceTitle "Corr 2024"]
[Source "ChessBase"]
[SourceDate "2023.10.19"]
[SourceVersion "1"]
[SourceVersionDate "2023.10.19"]
[SourceQuality "1"]

1. e4 e6 2. d4 d5 3. Nc3 Bb4 4. e5 c5 5. a3 Bxc3+ 6. bxc3 Ne7 7. Qg4 0-0 8. Bd3 f5 9. exf6 Rxf6 10. Bg5 Rf7 11. Qh5 g6 12. Qd1 Nbc6 13. Nf3 Qf8 14. 0-0 c4 15. Be2 h6 16. Bc1 Qg7 17. a4 Bd7 18. Ba3 g5 19. Bd6 Nf5 20. Be5 Qg6 21. Bc7 g4 22. Ne5 Nxe5 23. Bxe5 h5 24. Qd2 Nh4 25. Kh1 a5 26. f3 gxf3 27. Bxf3 Kh7 28. Qe2 1/2-1/2

[Event "CFriend AM-2005-0-00018 email"]
[Site "Chessfriend.com"]
[Date "2005.07.11"]
[Round "1"]
[White "Salzmann, Stefan"]
[Black "Jurkowitz, Romana"]
[Result "1/2-1/2"]
[WhiteElo "2334"]
[BlackElo "2560"]
[PlyCount "69"]
[EventDate "2005.??.??"]
[EventType "tourn (corr)"]
[EventRounds "6"]
[SourceTitle "Corr 2024"]
[Source "ChessBase"]
[SourceDate "2023.10.19"]
[SourceVersion "1"]
[SourceVersionDate "2023.10.19"]
[SourceQuality "1"]

1. e4 c5 2. Nf3 Nc6 3. d4 cxd4 4. Nxd4 Nf6 5. Nc3 e5 6. Ndb5 d6 7. Bg5 a6 8. Na3 b5 9. Nd5 Be7 10. Bxf6 Bxf6 11. c3 0-0 12. Nc2 Bg5 13. a4 bxa4 14. Rxa4 a5 15. Bc4 Rb8 16. Ra2 a4 17. h4 Bh6 18. Nce3 Bxe3 19. Nxe3 Na5 20. Bd5 Bd7 21. h5 h6 22. 0-0 Nb7 23. Bxb7 Rxb7 24. Qxd6 Qg5 25. c4 Rc8 26. Ra3 Qxh5 27. Nd5 Kh7 28. Rg3 Be6 29. Nb6 Rxb6 30. Qxb6 Rxc4 31. Re1 Qh4 32. Rge3 Rd4 33. Qa5 Qg5 34. Qc3 Bb3 35. Rg3 1/2-1/2

[Event "IECG WC.2005.T.00006 email"]
[Site "IECG email"]
[Date "2004.12.15"]
[Round "?"]
[White "Jurkowitz, Romana"]
[Black "Myers, David Robert"]
[Result "1-0"]
[WhiteElo "2400"]
[BlackElo "2368"]
[PlyCount "87"]
[EventDate "2004.12.15"]
[EventType "tourn (corr)"]
[EventRounds "10"]
[SourceTitle "Corr 2008"]
[Source "ChessBase"]
[SourceDate "2008.06.24"]
[SourceVersion "1"]
[SourceVersionDate "2008.06.24"]
[SourceQuality "1"]

1. Nf3 e6 2. c4 Nf6 3. Nc3 Bb4 4. Qc2 0-0 5. a3 Bxc3 6. Qxc3 b6 7. e3 Bb7 8. Be2 c5 9. b4 d6 10. Bb2 Nbd7 11. 0-0 Qe7 12. d3 e5 13. Nh4 Nd5 14. Nf5 Qg5 15. cxd5 Qxf5 16. f4 Qg6 17. e4 f5 18. fxe5 Nxe5 19. bxc5 fxe4 20. dxe4 bxc5 21. Qe3 Rfe8 22. Rf5 Bc8 23. Rg5 Qh6 24. Bb5 Re7 25. Rf1 Ng6 26. Qg3 Bd7 27. Bxd7 Rxd7 28. Bc1 Nh8 29. h4 Rf7 30. Bb2 Rxf1+ 31. Kxf1 g6 32. Qxd6 Rf8+ 33. Bf6 Qxh4 34. Qe6+ Rf7 35. Ke2 Qf4 36. e5 Qe4+ 37. Kf1 h6 38. Rg3 g5 39. Qe8+ Rf8 40. Qe7 Rf7 41. Qxc5 Ng6 42. Kg1 Nf4 43. Kh2 Qxd5 44. Qc8+ 1-0

[Event "IECG WC.2005.T.00006 email"]
[Site "IECG email"]
[Date "2004.12.15"]
[Round "?"]
[White "Jurkowitz, Romana"]
[Black "Simmelink, Joop Theo"]
[Result "1-0"]
[WhiteElo "2400"]
[BlackElo "2310"]
[PlyCount "69"]
[EventDate "2004.12.15"]
[EventType "tourn (corr)"]
[EventRounds "10"]
[SourceTitle "Corr 2008"]
[Source "ChessBase"]
[SourceDate "2008.06.24"]
[SourceVersion "1"]
[SourceVersionDate "2008.06.24"]
[SourceQuality "1"]

1. e4 c5 2. Nf3 d6 3. d4 cxd4 4. Nxd4 Nf6 5. Nc3 g6 6. Be3 Bg7 7. f3 Nc6 8. Qd2 0-0 9. Bc4 Bd7 10. 0-0-0 Rb8 11. Bb3 Na5 12. Bh6 Bxh6 13. Qxh6 b5 14. g4 b4 15. Nd5 Nxb3+ 16. Nxb3 Nxd5 17. exd5 e5 18. dxe6 Bxe6 19. Kb1 Bxb3 20. axb3 Rb6 21. h4 a5 22. h5 Qd7 23. Qg5 Ra6 24. Qd5 Qe6 25. hxg6 hxg6 26. Qd3 Rfa8 27. Rde1 Qf6 28. g5 Qg7 29. Re7 a4 30. Qe4 Kf8 31. Re1 Kg8 32. bxa4 d5 33. Qxd5 Qf8 34. b3 Ra5 35. Qd7 1-0

[Event "IECG WC.2005.T.00006 email"]
[Site "IECG email"]
[Date "2004.12.15"]
[Round "?"]
[White "Sukhov, Nick"]
[Black "Jurkowitz, Romana"]
[Result "0-1"]
[WhiteElo "2416"]
[BlackElo "2400"]
[PlyCount "142"]
[EventDate "2004.12.15"]
[EventType "tourn (corr)"]
[EventRounds "10"]
[SourceTitle "Corr 2008"]
[Source "ChessBase"]
[SourceDate "2008.06.24"]
[SourceVersion "1"]
[SourceVersionDate "2008.06.24"]
[SourceQuality "1"]

1. e4 c5 2. Nf3 d6 3. d4 cxd4 4. Nxd4 Nf6 5. Nc3 a6 6. Be2 e6 7. 0-0 Be7 8. f4 0-0 9. Be3 Qc7 10. Qe1 b5 11. a3 Bb7 12. Bf3 Nbd7 13. Rd1 Nb6 14. Qg3 Nfd7 15. Be2 Bf6 16. Qf3 Na4 17. Nxa4 bxa4 18. Qg4 Rfe8 19. Bd3 Rac8 20. Rf2 Nc5 21. f5 exf5 22. Nxf5 Kh8 23. Bxc5 dxc5 24. c3 Rcd8 25. Bc2 Bc8 26. Qf3 Be5 27. g3 Rxd1+ 28. Bxd1 Rd8 29. Ne3 Be6 30. Nd5 Qc6 31. Qh5 f6 32. Rd2 c4 33. Kh1 Rf8 34. Bf3 Bf7 35. Qh3 Qc5 36. Qd7 Be8 37. Qb7 Bb5 38. Kg2 Rd8 39. Be2 Qf8 40. Qb6 Rb8 41. Qe3 Bd6 42. Bh5 Bc6 43. Be2 f5 44. Bf3 Re8 45. Qb6 Bb5 46. exf5 Bc5 47. Qa5 Rb8 48. Re2 Bd6 49. Be4 Qc8 50. Kg1 g6 51. fxg6 Qg4 52. Re1 hxg6 53. Kg2 Qe6 54. Nc7 Qc8 55. Nxb5 Rxb5 56. Qxa4 Rxb2+ 57. Bc2 Kg7 58. Re2 Qb7+ 59. Kh3 Qf7 60. Rd2 Rb8 61. Rxd6 Qf1+ 62. Kg4 Qe2+ 63. Kg5 Rb5+ 64. Qxb5 Qe3+ 65. Kg4 axb5 66. Rxg6+ Kf7 67. Bf5 Qxc3 68. h4 Qd4+ 69. Kg5 c3 70. Rc6 Qd2+ 71. Kg4 Qd5 0-1